| 000 | 01149nam0a2200337 4500 | ||
|---|---|---|---|
| 001 | RU\NLR\bibl\132253 | ||
| 005 | 20260406001940.0 | ||
| 010 |
_a5-88141-031-9 _dБ. ц. _9500 |
||
| 020 |
_aRU _b98-18680 _9Книжная летопись |
||
| 021 |
_aRU _b98-7767 _9370 |
||
| 035 | _a(NLR Aleph) 000129544 | ||
| 090 |
_a739532 _c739532 |
||
| 100 | _a19990528d1997 |||y0rusy50 ca | ||
| 101 | 0 | _arus | |
| 102 | _aRU | ||
| 105 | _ay ||||||||| | ||
| 200 | 1 |
_aЖалобная книга _e[Стихи] _fАнтон Соя |
|
| 210 |
_aСПб. _cПетро-РИФ _d1997 |
||
| 215 |
_a[72] с. _d15 |
||
| 327 | 1 | _aСодерж.: Циклы: Жалобы на себя; Жалобы на тебя; Жалобы на все остальное | |
| 675 |
_a882-1Соя _v3 _zrus |
||
| 686 |
_a17 _2rugasnti |
||
| 686 |
_a84(2Рос-Рус) _2rubbk |
||
| 700 | 1 |
_4070 _8rus _7ca _aСоя _bА. В. _f1967- _gАнтон Владимирович _3RU\NLR\auth\77111506 _994431 |
|
| 801 | 0 |
_aRU _bRKP _c19990528 _gPSBO |
|
| 801 | 1 |
_aRU _bRKP _c19990528 |
|
| 801 | 2 |
_aRU _bNLR _c20120516 _grcr |
|
| 852 |
_aNLR _j2000-1/406 |
||
| 942 | _cBOOK | ||
| 980 | _aNB | ||